BIBLIOTECA

SENCICO

Informe sobre el terremoto del sur del Perú : 23 de junio 2001 (Registro nro. 3251)

Detalles MARC
000 -LEADER
fixed length control field 00473nam a2200193Ia 4500
005 - DATE AND TIME OF LATEST TRANSACTION
control field 20251020182608.0
008 - FIXED-LENGTH DATA ELEMENTS--GENERAL INFORMATION
fixed length control field 200515s9999 xx 000 0 und d
082 ## - DEWEY DECIMAL CLASSIFICATION NUMBER
Classification number SC/614.8:550(85)/C71
110 ## - MAIN ENTRY--CORPORATE NAME
Corporate name or jurisdiction name as entry element Colegio de Ingenieros del Perú
245 #0 - TITLE STATEMENT
Title Informe sobre el terremoto del sur del Perú : 23 de junio 2001
260 ## - PUBLICATION, DISTRIBUTION, ETC.
Place of publication, distribution, etc. Lima
260 ## - PUBLICATION, DISTRIBUTION, ETC.
Date of publication, distribution, etc. 2001
300 ## - PHYSICAL DESCRIPTION
Extent 51
650 ## - SUBJECT ADDED ENTRY--TOPICAL TERM
Topical term or geographic name entry element LIB
650 ## - SUBJECT ADDED ENTRY--TOPICAL TERM
Topical term or geographic name entry element PERU
650 ## - SUBJECT ADDED ENTRY--TOPICAL TERM
Topical term or geographic name entry element PUB CIP
650 ## - SUBJECT ADDED ENTRY--TOPICAL TERM
Topical term or geographic name entry element TERREMOTOS
942 ## - ADDED ENTRY ELEMENTS (KOHA)
Koha item type Libros
Existencias
Fecha de la última vez que lo usaron Pago total Signatura topográfica completa Código de barras Precio efectivo desde Tipo de documento Estado perdido Estado dañado No es para préstamo Retirado Ubicación permanente Ubicación actual Fecha de adquisición
15/05/2020   SC/614.8:550(85)/C71 Bib-Lima15053251 15/05/2020 Libros         Biblioteca Central Lima Biblioteca Central Lima 15/05/2020